Applitions Basic Marketing Clipping from the Popular Business Press /

Đã lưu trong:
Bibliografiske detaljer
Hovedforfatter: Perreault, William D.
Format: Bog
Sprog:English
Udgivet: McGraw Hill Companies Inc, 2005.
Fag:
Tags: Tilføj Tag
Ingen Tags, Vær først til at tagge denne postø!
Thư viện lưu trữ: Mạng thư viện Đại học Đà Nẵng
LEADER 01168cam a22003251a 4500
001 000033316
003 9466
005 20210423161803.0
008 151016s2005 000 eng
020 |a 9780072864717 
041 |a eng 
082 |a 420.33  |b PE-W 
100 |a Perreault, William D. 
245 0 |a Applitions Basic Marketing Clipping from the Popular Business Press /  |c William D. Perreault, E.Jerome Mccarthy. 
260 |a McGraw Hill Companies Inc,  |c 2005. 
300 |a 92p. : ill ; 30cm. 
650 |a Applitions Basic Marketing Clipping from the Popular Business Press, Marketing, Business 
852 |b Phong đọc  |c Tiếng Anh tham khảo 1 
OWN |a LNN 
902 |a CD 
AVA |a UDN50  |b LNN  |d 420.33 PE-W  |e available  |t Error 5001 Not defined in file expand_doc_bib_avail.  |f 1  |g 0  |h N  |i 0  |k 1 
999 |a From the UDN01 
AVA |a UDN50  |b LNN  |d 420.33 PE-W  |e available  |t Error 5001 Not defined in file expand_doc_bib_avail.  |f 1  |g 0  |h N  |i 0  |k 1 
TYP |a Monograph 
980 |a Mạng thư viện Đại học Đà Nẵng